Kali wants to dance / (Record no. 169115)

MARC details
000 -LEADER
fixed length control field 00706nam a22002057a 4500
005 - DATE AND TIME OF LATEST TRANSACTION
control field 20191211110132.0
010 ## - LCCN (DPL NO)
LC control number B-730844
020 ## - INTERNATIONAL STANDARD BOOK NUMBER
International Standard Book Number 9789353092252
Terms of availability 45.00
035 ## - SYSTEM CONTROL NUMBER
System control number B-730844
037 ## - SOURCE OF ACQUISITION
Stock number dpl
Source of stock number/acquisition Pratham
082 ## - DEWEY DECIMAL CLASSIFICATION NUMBER
Classification number S
100 ## - MAIN ENTRY--PERSONAL NAME
Personal name Karthikeyan, Aparna
245 ## - TITLE STATEMENT
Title Kali wants to dance /
Statement of responsibility, etc by Aparna Karthikeyan ; illustrated by Somesh Kumar
260 ## - PUBLICATION, DISTRIBUTION, ETC. (IMPRINT)
Place of publication, distribution, etc Bangaluru
Name of publisher, distributor, etc Pratham Books
Date of publication, distribution, etc 2018
270 ## - ADDRESS
Address 633-634,4th "C" Main,6th 'B' Cross, OMBR Layout Banaswadi,
City Bangalore
Postal code 560043
Telephone number 911141042483 (New Delhi)
300 ## - PHYSICAL DESCRIPTION
Extent 16p.
Other physical details ill.
Dimensions 22cm.(pbk)
700 ## - ADDED ENTRY--PERSONAL NAME
Personal name Somesh Kumar
942 ## - ADDED ENTRY ELEMENTS (KOHA)
Source of classification or shelving scheme Dewey Decimal Classification
Item type Children Books
Classification part S
Call number suffix KAR
Holdings
Withdrawn status Lost status Not for loan Collection code Home library Current library Date acquired Source of acquisition Cost, normal purchase price Full call number Barcode Copy number Cost, replacement price Koha item type
      Fiction Kadipur Kadipur 06/11/2019 Gift/ Eng (Ch.) /31.10.2019 45.00 S KAR B-730844 1 45.00 Children Books

© Delhi Public Library
Hit Counter
free hit counter